00888nam a2200229 i 4500001000300000245018700003260004900190300002800239490003400267500002500301650002400326700002700350710002900377830003400406020002900440020002200469040000800491041000800499080001200507008004100519856009800560bg00aEncyklopedia.nT. 16,prosja - simeu /chasła encyklopedyczne oprac. przez Wydawnictwo Naukowe PWN ; [suplement Gazety Wyborczej przygot. przez zespół red. Juliusz Rawicz et al.] aWarszawa :bMediasat Poland :bAgora,c2005. a800 s. :bil. ;c23 cm.1 aEncyklopedia Gazety Wyborczej aNazwa wydawcy w cop. 9aEncyklopedia polska1 aRAWICZ, Józef.eRed. 0aWydawnictwo Naukowe |PWN aEncyklopedia Gazety Wyborczej a8389651351 (całość) a8389651912 (t.16) cBPK0 apol a0/9(03) s pl f |000 0 pol  uhttp://koha.tu.koszalin.pl/cgi-bin/koha/opac-detail.pl?biblionumber=46582yKatalog online BPK